|
|
|
|
| LEADER |
00000nam2a2200000 4500 |
| 001 |
96654 |
| 005 |
20231031110629.0 |
| 035 |
|
|
|a (RuTPU)RU\TPU\book\103489
|
| 035 |
|
|
|a RU\TPU\book\103482
|
| 090 |
|
|
|a 96654
|
| 100 |
|
|
|a 20060517d1977 km y0rusy50 ca
|
| 101 |
0 |
|
|a rus
|
| 102 |
|
|
|a RU
|
| 105 |
|
|
|a y a 001zy
|
| 200 |
0 |
|
|a Ч. 2.
|
| 210 |
|
|
|d 1977
|
| 215 |
|
|
|a 166 с.
|
| 320 |
|
|
|a Указ. в конце кн.: с. 134 - 166
|
| 333 |
|
|
|a Исключено из фонда НТБ ТПУ
|
| 461 |
|
1 |
|0 (RuTPU)RU\TPU\book\103465
|t Научное предвидение и экономическое прогнозирование
|o указатель советской и иностранной литературы, опубликованной во второй половине 1974 - первой половине 1975 гг.
|o в 2 ч.
|f Государственная ордена Ленина библиотека СССР имени В. И. Ленина; сост. В. С. Шидловская, Н. С. Краснова; под ред. М. С. Колтун
|v Ч. 2.
|n [Б. и.]
|d 1977 - .
|
| 801 |
|
1 |
|a RU
|b 63413507
|c 20060517
|g PSBO
|
| 801 |
|
2 |
|a RU
|b 63413507
|c 20120516
|g PSBO
|
| 942 |
|
|
|c BK
|